Statistics for 80-90s bands & city, UK and Ireland 4

Click here to take the quiz!

General Stats

  • This quiz has been taken 13 times
  • The average score is 7 of 22

Answer Stats

HintAnswer% Correct
GlasvegasGlasgow
67%
Culture ClubLondon
58%
the Stone RosesManchester
58%
Depeche ModeBasildon (Essex)
50%
the UndertonesDerry (Londonderry)
50%
X-Ray SpexLondon
50%
Pet Shop BoysLondon
50%
Massive AttackBristol
42%
the ProclaimersEdinburgh
42%
Belle and SebastianGlasgow
42%
the SpecialsCoventry
33%
the CorrsDundalk (Louth)
33%
Dirty Pretty ThingsLondon
33%
PulpSheffield
33%
UltravoxLondon
25%
WhamBushey (Hertfordshire)
17%
Girls at Our Best!Leeds
17%
Big in JapanLiverpool
17%
Asian Dub FoundationLondon
8%
BauhausNorthampton
8%
RepublicaWindsor (Berkshire)
8%
the TheLondon
0%

Score Distribution

Percentile by Number Answered

Percent of People with Each Score

Your Score History

You have not taken this quiz